Agrikultúra sborník Poľnohospodárskeho múzea v Nitre
| Format: | Serial |
|---|---|
| Language: | Slovak |
| PhysicalDescription: | zv. 24 cm |
| Published: |
Bratislava
Osveta
1962-
Bratislava Ústredie vedeckotechnických informácií Bratislava Ústav vedecko-technických informácií PMVLH Bratislava Príroda |
| ISSN: | 0515-7455 |
| Subjects: |
MARC
| LEADER | 00000nas a22000007a 4500 | ||
|---|---|---|---|
| 001 | vtls010199071 | ||
| 003 | SK-MaSNL | ||
| 005 | 20260228161152.0 | ||
| 008 | 160624 1962 xo g slosc | ||
| 022 | |a 0515-7455 | ||
| 040 | |a SVKPO |b slo |c SVKPO |d SNK |e AACR2 | ||
| 041 | 0 | |a slo | |
| 043 | |a e-xo--- | ||
| 044 | |a xo |c SK | ||
| 072 | 7 | |a 631 |x Poľnohospodárstvo všeobecne |2 konspekt | |
| 072 | 7 | |a 069.5 |x Zbierky. Exponáty |2 konspekt | |
| 080 | |a 631.51 |2 2001 | ||
| 080 | |a 930:631 |2 2001 | ||
| 080 | |a 069.5:63 |2 2001 | ||
| 245 | 0 | 0 | |a Agrikultúra |b sborník Poľnohospodárskeho múzea v Nitre |
| 246 | 1 | 3 | |a Zborník Slovenského poľnohospodárskeho múzea v Nitre |
| 260 | |a Bratislava |b Osveta |c 1962- | ||
| 260 | 2 | |3 1963 |a Bratislava |b Ústredie vedeckotechnických informácií | |
| 260 | 2 | |3 1964-1970 |a Bratislava |b Ústav vedecko-technických informácií PMVLH | |
| 260 | 3 | |3 1971- |a Bratislava |b Príroda | |
| 300 | |a zv. |c 24 cm | ||
| 310 | |a 1x ročne | ||
| 362 | 0 | |a 1 (1962)- | |
| 500 | |a Zostavil kolektív: vedúci autor. kolektívu 1962-1967, Štefan Rajnoha; 1968-1989, Jozef Vontorčík; | ||
| 504 | |a Bibliogr. odkazy | ||
| 550 | |a Vydalo Slovenské poľnohospodárske múzeum v Nitre | ||
| 650 | 0 | 7 | |a agrikultúra |2 SNKPH |9 78858 |
| 650 | 0 | 7 | |a poľnohospodárstvo |2 SNKPH |9 679 |
| 650 | 0 | 7 | |a dejiny poľnohospodárstva |2 SNKPH |9 60041 |
| 650 | 0 | 7 | |a múzejné zbierky |2 SNKPH |9 69988 |
| 655 | 7 | |a zborníky |2 SNKPH |9 70165 | |
| 700 | 1 | |a Rajnoha, Štefan |4 red |9 268125 | |
| 700 | 1 | |a Vontorčík, Jozef, |d 1937-2013 |4 red |9 257609 | |
| 910 | |a snmk | ||
| 910 | |a snk | ||
| 916 | |a 1962-1990 | ||
| 999 | |c 4543 |d 6473 | ||
| 952 | |0 0 |1 0 |4 0 |7 0 |8 0 |a SNK |b SNK |d 1997-04-15 |l 0 |o snkČSC 1058/11/1972 D1 |p 17A0060946 |r 2005-01-02 00:00:00 |w 2026-02-21 |y PREZ | ||
| 952 | |0 0 |1 0 |4 0 |7 0 |8 0 |a SNK |b SNK |d 1997-10-03 |i snkKSP 1441/1973 |l 0 |o snkČSC 1058/11/1972 |p 17A0101197 |r 2005-01-02 00:00:00 |w 2026-02-21 |y PREZ | ||
| 952 | |0 0 |1 0 |4 0 |7 0 |8 0 |a SNK |b SNK |d 1999-11-19 |i snkKSP 6528/1971 |l 0 |o snkČSC 1058/10/1971 |p 17A0218536 |r 2005-01-02 00:00:00 |w 2026-02-21 |y PREZ | ||
| 952 | |0 0 |1 0 |4 0 |7 0 |8 0 |a SNK |b SNK |d 2004-09-16 |i snkKSP 6529/1971 |l 0 |o snkČSC 1058/10/1971 D1 |p 17A0436435 |r 2005-01-02 00:00:00 |w 2026-02-21 |y PREZ | ||
| 952 | |0 0 |1 0 |4 0 |7 0 |a SNK |b SNK |d 1999-10-30 |l 0 |o snkČSC 1058/1991 D1 |p 17A0217994 |r 2005-01-02 00:00:00 |w 2026-02-21 |y PREZ | ||
| 952 | |0 0 |1 0 |4 0 |7 0 |8 0 |a SNK |b SNK |d 1999-11-02 |i snkKSP 188/1971 |l 0 |o snkČSC 1058/9/1970 |p 17A0217941 |r 2005-01-02 00:00:00 |w 2026-02-21 |y PREZ | ||
| 952 | |0 0 |1 0 |4 0 |7 0 |8 0 |a SNK |b SNK |d 1999-12-02 |l 0 |o snkČSC 1058/8/1969/D3 |p 17A0220579 |r 2005-01-02 00:00:00 |w 2026-02-21 |y PREZ | ||
| 952 | |0 0 |1 0 |4 0 |7 0 |8 0 |a SNK |b SNK |d 2000-01-14 |l 0 |o snkČSC 1058/8/1969 D2 |p 17A0223673 |r 2005-01-02 00:00:00 |w 2026-02-21 |y PREZ | ||
| 952 | |0 0 |1 0 |4 0 |7 0 |8 0 |a SNK |b SNK |d 2000-02-22 |i snkKSP 8206/1969 |l 0 |o snkČSC 1058/8/1969 |p 17A0229150 |r 2005-01-02 00:00:00 |w 2026-02-21 |y PREZ | ||
| 952 | |0 0 |1 0 |4 0 |7 0 |8 0 |a SNK |b SNK |d 1999-11-19 |i snkKSP 2312/1962 |l 0 |o snkČSC 1058/1/1962 |p 17A0218528 |r 2005-01-02 00:00:00 |w 2026-02-21 |y PREZ | ||
| 952 | |0 0 |1 0 |4 0 |7 0 |8 0 |a SNK |b SNK |d 2004-12-03 |i snkKSP 8207/1969 |l 0 |o snkČSC 1058/8/1969 D1 |p 17A0452826 |r 2005-01-02 00:00:00 |w 2026-02-21 |y PREZ | ||
| 952 | |0 0 |1 0 |4 0 |7 0 |8 0 |a SNK |b SNK |d 2004-12-20 |i snkKSP 1156/1979 |l 0 |o snkČSC 1058/15/1978 D1 |p 17A0454415 |r 2005-01-02 00:00:00 |w 2026-02-21 |y PREZ | ||
| 952 | |0 0 |1 0 |4 0 |7 0 |a SNK |b SNK |d 1997-11-17 |i snkKSP 2178/1990 |l 0 |o snkČSC 1058/22/1989 D1 |p 17A0107900 |r 2004-12-31 00:00:00 |w 2026-02-21 |y PREZ | ||
| 952 | |0 0 |1 0 |4 0 |7 0 |a SNK |b SNK |d 2003-02-17 |i snkKSP 6583/1980 |l 0 |o snkČSC 1058/17/1980 |p 17A0373981 |r 2004-12-31 00:00:00 |w 2026-02-21 |y PREZ | ||
| 952 | |0 0 |1 0 |4 0 |7 0 |a SNK |b SNK |d 2006-08-09 |i snkKSP 4568/1986 |l 0 |o snkČSC 1058/20/1986 D1 |p 17A0519254 |r 2026-02-21 20:12:54 |w 2026-02-21 |y PREZ | ||
| 952 | |0 0 |1 0 |4 0 |7 0 |a SNK |b SNK |d 2006-08-09 |i snkKSP 8044/1981 |l 0 |o snkČSC 1058/18/1981 D1 |p 17A0519101 |r 2026-02-21 20:12:56 |w 2026-02-21 |y PREZ | ||
| 952 | |0 0 |1 0 |4 0 |7 0 |a SNK |b SNK |d 1997-08-21 |i snkKSP 419/1964 |l 0 |o snkČSC 1058/2/1963 |p 17A0090946 |r 2005-01-02 00:00:00 |w 2026-02-21 |y PREZ | ||
| 952 | |0 0 |1 0 |3 rekatalogizácia |4 0 |7 0 |a SNK |b SNK |d 2007-03-20 |i snkKSP 420/1964 |l 0 |o snkČSC 1058/2/1963 D1 |p 17A0542774 |r 2026-02-21 20:27:43 |w 2026-02-21 |y PREZ | ||
| 952 | |0 0 |1 0 |4 0 |7 0 |a SNK |b SNK |d 2008-01-10 |i snkKSP 189/1971 |l 0 |o snkČSC 1058/9/1970 D1 |p 17A0572043 |r 2026-02-21 20:28:13 |w 2026-02-21 |y PREZ | ||
| 952 | |0 0 |1 0 |4 0 |7 0 |a SNK |b SNK |d 2001-10-22 |i snkKSP 4567/1986 |l 0 |o snkČSC 1058/20/1986 |p 17A0319209 |r 2004-12-31 00:00:00 |w 2026-02-21 |y PREZ | ||
| 952 | |0 0 |1 0 |4 0 |7 0 |a SNK |b SNK |d 2001-11-06 |i snkKSP 8328/1983 |l 0 |o snkČSC 1058/19/1983 |p 17A0321873 |r 2004-12-31 00:00:00 |w 2026-02-21 |y PREZ | ||
| 952 | |0 0 |1 0 |4 0 |7 0 |a SNK |b SNK |d 1999-07-08 |i snkKSP 8043/1981 |l 0 |o snkČSC 1058/18/1981 |p 17A0199318 |r 2004-12-31 00:00:00 |w 2026-02-21 |y PREZ | ||
| 952 | |0 0 |1 0 |4 0 |7 0 |a SNK |b SNK |d 2003-02-17 |l 0 |o snkČSC 1058/17/1980 D1 |p 17A0373930 |r 2004-12-31 00:00:00 |w 2026-02-21 |y PREZ | ||
| 952 | |0 0 |1 0 |4 0 |7 0 |a SNK |b SNK |d 1997-09-27 |i snkKSP 6179/1966 |l 0 |o snkČSC 1058/5/1966 |p 17A0098393 |r 2005-01-02 00:00:00 |w 2026-02-21 |y PREZ | ||
| 952 | |0 0 |1 0 |4 0 |7 0 |a SNK |b SNK |d 2000-01-14 |l 0 |o snkČSC 1058/3/1964 D1 |p 17A0223649 |r 2005-01-02 00:00:00 |w 2026-02-21 |y PREZ | ||
| 952 | |0 0 |1 0 |4 0 |7 0 |a SNK |b SNK |d 2000-01-14 |l 0 |o snkČSC 1058/4/1965 D1 |p 17A0223651 |r 2005-01-02 00:00:00 |w 2026-02-21 |y PREZ | ||
| 952 | |0 0 |1 0 |4 0 |7 0 |a SNK |b SNK |d 2000-01-14 |l 0 |o snkČSC 1058/5/1966 D1 |p 17A0223795 |r 2005-01-02 00:00:00 |w 2026-02-21 |y PREZ | ||
| 952 | |0 0 |1 0 |4 0 |7 0 |a SNK |b SNK |d 2000-01-14 |l 0 |o snkČSC 1058/6/1967 D1 |p 17A0223652 |r 2005-01-02 00:00:00 |w 2026-02-21 |y PREZ | ||
| 952 | |0 0 |1 0 |4 0 |7 0 |a SNK |b SNK |d 2000-01-14 |l 0 |o snkČSC 1058/7/1968 D1 |p 17A0223643 |r 2005-01-02 00:00:00 |w 2026-02-21 |y PREZ | ||
| 952 | |0 0 |1 0 |4 0 |7 0 |a SNK |b SNK |d 2000-02-24 |i snkKSP 6060/1964 |l 0 |o snkČSC 1058/3/1964 |p 17A0229442 |r 2005-01-02 00:00:00 |w 2026-02-21 |y PREZ | ||
| 952 | |0 0 |1 0 |4 0 |7 0 |a SNK |b SNK |d 1997-10-30 |i snkKSP 2177/1990 |l 0 |o snkČSC 1058/22/1989 |p 17A0105574 |r 2005-01-02 00:00:00 |w 2026-02-21 |y PREZ | ||
| 952 | |0 0 |1 0 |4 0 |7 0 |a SNK |b SNK |d 1997-04-04 |i snkKSP 1155/1979 |l 0 |o snkČSC 1058/15/1978 |p 17A0057764 |r 2004-12-31 00:00:00 |w 2026-02-21 |y PREZ | ||
| 952 | |0 0 |1 0 |4 0 |7 0 |a SNK |b SNK |d 1998-02-05 |l 0 |o snkČSC 1058/21/1987 D1 |p 17A0121878 |r 2004-12-31 00:00:00 |w 2026-02-21 |y PREZ | ||
| 952 | |0 0 |1 0 |4 0 |7 0 |a SNK |b SNK |d 1998-03-13 |i snkKSP 2930/1975 |l 0 |o snkČSC 1058/13/1975 |p 17A0126244 |r 2005-01-02 00:00:00 |w 2026-02-21 |y PREZ | ||
| 952 | |0 0 |1 0 |4 0 |7 0 |a SNK |b SNK |d 2000-01-14 |l 0 |o snkČSC 1058/13/1975 D1 |p 17A0223572 |r 2005-01-02 00:00:00 |w 2026-02-21 |y PREZ | ||
| 952 | |0 0 |1 0 |4 0 |7 0 |a SNK |b SNK |d 2008-10-23 |i snkKSP 5674/1979 |l 0 |o snkČSC 1058/16/1979 D1 |p 17A0603519 |r 2026-02-21 21:01:30 |w 2026-02-21 |y PREZ | ||
| 952 | |0 0 |1 0 |4 0 |7 0 |a SNK |b SNK |d 2009-06-17 |i snkKSP 8329/1983 |l 0 |o snkČSC 1058/19/1983 D1 |p 17A0621470 |r 2026-02-21 21:01:49 |w 2026-02-21 |y PREZ | ||
| 952 | |0 0 |1 0 |4 0 |7 0 |a SNK |b SNK |d 2000-01-14 |l 0 |o snkČSC 1058/12/1974 D1 |p 17A0223580 |r 2005-01-01 00:00:00 |w 2026-02-21 |y PREZ | ||
| 952 | |0 0 |1 0 |4 0 |7 0 |a SNK |b SNK |d 2001-11-20 |i snkKSP 6826/1974 |l 0 |o snkČSC 1058/12/1974 |p 17A0321463 |r 2005-01-01 00:00:00 |w 2026-02-21 |y PREZ | ||
| 952 | |0 0 |1 0 |4 0 |7 0 |a SNK |b SNK |d 2006-01-21 |i snkKSP 2313/1962 |l 0 |o snkČSC 1058/1/1962 D1 |p 17A0495011 |r 2026-02-21 21:09:39 |w 2026-02-21 |y PREZ | ||
| 952 | |0 0 |1 0 |3 rekatalogizácia |4 0 |7 0 |a SNK |b SNK |d 2005-10-18 |i snkKSP 5673/1979 |l 0 |o snkČSC 1058/16/1979 |p 17A0486872 |r 2026-02-21 21:11:04 |w 2026-02-21 |y PREZ | ||
| 952 | |0 0 |1 0 |4 0 |7 0 |a SNK |b SNK |d 2000-01-14 |l 0 |o snkČSC 1058/14/1976 D1 |p 17A0223655 |r 2005-01-01 00:00:00 |w 2026-02-21 |y PREZ | ||
| 952 | |0 0 |1 0 |4 0 |7 0 |a SNK |b SNK |d 2013-09-06 |i snkKSP 1294/1976 |l 0 |o snkČSC 1058/14/1976 |p 17A0813467 |r 2026-02-21 21:24:16 |w 2026-02-21 |y PREZ | ||
| 952 | |0 0 |1 0 |4 0 |7 0 |a SNK |b SNK |d 2013-09-06 |i snkKSP 4944/1965 |l 0 |o snkČSC 1058/4/1965 |p 17A0813465 |r 2026-02-21 21:24:16 |w 2026-02-21 |y PREZ | ||
| 952 | |0 0 |1 0 |4 0 |7 0 |a SNK |b SNK |d 2013-09-06 |i snkKSP 4142/1968 |l 0 |o snkČSC 1058/7/1968 |p 17A0813466 |r 2026-02-21 21:24:16 |w 2026-02-21 |y PREZ | ||
| 952 | |0 0 |1 0 |4 0 |7 0 |a SNK |b SNK |d 2013-09-06 |i snkKSP 1613/1988 |l 0 |o snkČSC 1058/21/1987 |p 17A0813529 |r 2026-02-21 21:24:16 |w 2026-02-21 |y PREZ | ||
| 952 | |0 0 |1 0 |4 0 |7 0 |a SNK |b SNK |d 2009-07-01 |i snkKSP 1389/1968 |l 0 |o snkČSC 1058/6/1967 |p 17A0621543 |r 2026-02-21 21:41:15 |w 2026-02-21 |y PREZ | ||


